Sports Quiz

Random Sports or World Cup Quiz
Score 0/18 Timer 03:00
2 Plays Today
% Correct
France
83.4%
Denver Broncos
76.5%
Indianapolis Colts
75.5%
Serena Williams
72.8%
Rio de Janeiro
70.7%
Uruguay
68%
Babe Ruth
52.3%
Freestyle
46.7%
Backstroke
46.2%
% Correct
Giannis Antetokounmpo
43.4%
United States
38.8%
Melbourne
37%
Billie Jean King
33.8%
Red
33.3%
Black
33%
Argentina
27.1%
David Ortiz
19.1%
Bob Pettit
18.3%
Remove Ads.
Support Sporcle.
Get the best of Sporcle when you Go Orange. This ad-free experience offers more features, more stats, and more fun while also helping to support Sporcle. Thank you for becoming a member.

You're not logged in!

Compare scores with friends on all Sporcle quizzes.
OR
Log In

Sporcle TV

Today on Sporcle TV


Watch our educational content, quiz creation guides, and fun videos on Sporcle TV.

Show Comments

Extras

Top Quizzes Today


Score Distribution

Paid Content

Your Account Isn't Verified!

In order to create a playlist on Sporcle, you need to verify the email address you used during registration. Go to your Sporcle Settings to finish the process.

Report this User

Report this user for behavior that violates our Community Guidelines.

Details: